Tous les mini-jeux de Mario Party 9 - Statistiques

Statistiques générales
  • Ce quiz a été pris 7 fois
  • Le résultat moyen est 16 sur 78
Statistiques - réponses
Catégorie Mini-jeu % Correct
Chacun pour soi 1, 2, 3... Goomba !
57%
Chacun pour soi Bûches et embûches
57%
Chacun pour soi A contre-courant
43%
Chacun pour soi Au quart de tour
43%
Boss Bowser à pile ou face
43%
Chacun pour soi Bulles ballons boulets
43%
Boss Cheep Cheep, aïe aïe aïe !
43%
Boss Dé-gommez Bowser Jr. !
43%
Boss Feu sur Bloups !
43%
Chacun pour soi Lancement en trois temps
43%
Chacun pour soi Le 10 gagnant
43%
Chacun pour soi Pièces maîtresses
43%
Chacun pour soi Tir à la patate
43%
Chacun pour soi Art abstrait
29%
Chacun pour soi Attention à la tête
29%
Chacun pour soi Bill Balle boum
29%
Chacun pour soi Bonds et merveilles
29%
Chacun pour soi Boulets à la chaîne
29%
Chacun pour soi Boutons pression
29%
Chacun pour soi Bowling Goomba
29%
Boss Chargez Wiggler !
29%
Chacun pour soi Crêpes-party
29%
Chacun pour soi Déroutant dédale
29%
Bowser Jr. Entre deux feux
29%
Chacun pour soi Funamboule
29%
Chacun pour soi Hue, Dauphin !
29%
Chacun pour soi Imbroglio de brocs
29%
Chacun pour soi Le radeau bob-ombardé
29%
Boss Mauvaise donne pour Skelerex
29%
Chacun pour soi Rallye des glaces
29%
Chacun pour soi Rebonds coton
29%
Chacun pour soi Rectifiez le tir !
29%
Chacun pour soi Roulez boulets !
29%
Boss Strike sur Spike !
29%
Chacun pour soi Sur le grill
29%
Boss Tohu-bohu pour Lakitu
29%
Chacun pour soi Trampoline céleste
29%
Bowser Jr. Accrochage au grillage
14%
Chacun pour soi A la carte
14%
Boss Bananes en folie chez Diddy
14%
1 VS 3 Bien essayé !
14%
Boss Casse-tête du Roi Boo
14%
1 VS 3 Chasse-neige
14%
Chacun pour soi Cheep Cheep, hourra !
14%
Chacun pour soi Combinaison à tâtons
14%
Bowser Jr. Electro-tamponneuses
14%
Chacun pour soi Frénétique botanique
14%
Boss Le compte est Whomp
14%
Boss Le Roi Bob-ombardé
14%
Chacun pour soi Le village Goomba
14%
Boss Pagaille de rails de Chomp
14%
Chacun pour soi Porte-à-porte
14%
Chacun pour soi Roule, ma boule !
14%
Chacun pour soi Ruée glacée
14%
Chacun pour soi Toc, toc, Toad !
14%
Chacun pour soi Topi Taupes terrées
14%
Chacun pour soi Un peu de spores
14%
1 VS 3 Art giratoire
0%
Bowser Jr. Avancée synchronisée
0%
1 VS 3 Bien entouré
0%
Boss Bonus bananes de DK
0%
Bowser Jr. Canardage dans les nuages
0%
Chacun pour soi Cheep Cheep en piste
0%
Chacun pour soi Chouette cueillette
0%
Chacun pour soi Corde acrobatique
0%
1 VS 3 Des boutons dans les roues
0%
1 VS 3 Epreuve par trois
0%
Bowser Jr. Funambules à pédales
0%
Chacun pour soi Invasion mécanique
0%
Bowser Jr. Larrons de baudruche
0%
1 VS 3 Rival-poursuite
0%
Bowser Jr. Rodéo en duo
0%
1 VS 3 Roulis d'éboulis
0%
Bowser Jr. Sables croulants
0%
1 VS 3 Saute-boulet
0%
1 VS 3 Tip tap taupes
0%
Bowser Jr. Traquenard au radar
0%
Chacun pour soi Turbo Bill Balle
0%
Aucun quiz correspondant
Distribution des résultats
% des personnes avec chaque résultat
Percentile par nombre de réponses
Votre historique - résultats
Vous n’avez pas pris ce quiz